[Event "Struga Lake Queen op"]
[Site "Struga"]
[Date "2019.09.09"]
[Round "7"]
[White "Nikolovski, Branko Nikola"]
[Black "Kuci, Jorik"]
[Result "1-0"]
[WhiteElo "1175"]
[BlackElo "1158"]
[PlyCount "61"]
[EventDate "2019.09.07"]
[EventType "swiss"]
[EventRounds "7"]
[EventCountry "MKD"]
[SourceTitle "EXT 2021"]
[Source "ChessBase"]
[SourceDate "2020.10.23"]
[SourceVersion "1"]
[SourceVersionDate "2020.10.23"]
[SourceQuality "1"]

1. e4 e5 2. Nf3 Nc6 3. Bb5 Bc5 4. 0-0 Nd4 5. Nxd4 Bxd4 6. c3 Bb6 7. d4 c6 8. Ba4 exd4 9. cxd4 Ne7 10. Nc3 0-0 11. Bb3 d5 12. exd5 cxd5 13. Be3 Be6 14. Bc2 Nc6 15. Qd3 f5 16. f3 Nb4 17. Qd2 Nxc2 18. Qxc2 f4 19. Bf2 Qg5 20. Kh1 Rf6 21. Rae1 Rh6 22. Re5 Qf6 23. Rfe1 Qf7 24. Qe2 Re8 25. Nxd5 Ba5 26. b4 Bc7 27. Nxc7 Qxc7 28. d5 Qxe5 29. Qxe5 Bd7 30. Qc7 Rxe1+ 31. Bxe1 1-0